000
00291nam a22001217a 4500
008
181023b xxu||||| |||| 00| 0 eng d
041
_a
eng
080
_a
941
100
_a
16
101
_a
His
245
_a
Tradition Encounters A brief Global History
_c
Bentley.J.H
942
_2
udc
_c
BK
999
_c
50600
_d
50600